| 000 | 00641nam a2200241 4500 | ||
|---|---|---|---|
| 001 | 1998 | ||
| 010 | _a9789897779336 | ||
| 021 |
_aPT _b547841/25 |
||
| 090 | _a1998 | ||
| 100 | _a20251121d2025 m||y0pory50030103ba | ||
| 101 | _apor | ||
| 102 | _aPT | ||
| 200 |
_aO protocolo caos _fJosé Rodrigues dos Santos |
||
| 205 | _a8ª edição | ||
| 210 |
_aLisboa _cPlaneta _d2025 |
||
| 215 |
_a628, [3] p. _d24 cm |
||
| 300 | _aBMB-Registado | ||
| 606 |
_9776 _aLiteratura Portuguesa |
||
| 606 |
_9778 _aRomance Policial |
||
| 675 |
_a821.134.3-312.4 _vBMB _zpor |
||
| 700 |
_aSantos _bJosé Rodrigues dos _f1964- _9899 |
||
| 801 |
_aPT _bBMB _gRPC |
||
| 990 | _cLIVROS | ||